000 00524nam a2200181 a 4500
005 20140412111347.0
008 050420s19uu xx 00 eng d
020 _a0-88309-896-2
050 _aTR(GS 372.634
_bHa233 1991
245 _aHandwriting, Grade 2M :
_ba way to self expression.
250 _aTeacher Edition
260 _aColumbus, ohio :
_bZaner-Bloser, Inc,
_c1991.
300 _aZ32 p. ; T111 p.
440 _aZaner-Bloser
650 _aPenmanship
_xJuvenile literature
999 _c105213
_d105213